Electricity Distribution Project and Practices: (Record no. 208450)

MARC details
000 -LEADER
fixed length control field 00590nam a22001817a 4500
005 - DATE AND TIME OF LATEST TRANSACTION
control field 20250113165733.0
010 ## - LCCN (DPL NO)
LC control number ENG-143338
020 ## - INTERNATIONAL STANDARD BOOK NUMBER
International Standard Book Number 9789354267949
Terms of availability 999.00
035 ## - SYSTEM CONTROL NUMBER
System control number EN-126870
037 ## - SOURCE OF ACQUISITION
Source of stock number/acquisition DBAD
082 ## - DEWEY DECIMAL CLASSIFICATION NUMBER
Classification number 537
100 ## - MAIN ENTRY--PERSONAL NAME
Personal name Khandare, Sanjay
245 ## - TITLE STATEMENT
Title Electricity Distribution Project and Practices:
Statement of responsibility, etc By Sanjay Khandare
Remainder of title Sap: ERP Project System/
260 ## - PUBLICATION, DISTRIBUTION, ETC. (IMPRINT)
Place of publication, distribution, etc Nashik
Name of publisher, distributor, etc Rewat Sanjay Khandare
Date of publication, distribution, etc 2017
270 ## - ADDRESS
Address E-5, Hariniketan, New Kala Nagar, Jail Road, Nashik Road
City Nashik
300 ## - PHYSICAL DESCRIPTION
Extent 544p.
Dimensions 22cm. (pb)
942 ## - ADDED ENTRY ELEMENTS (KOHA)
Source of classification or shelving scheme Dewey Decimal Classification
Item type English Books
Classification part 537
Call number suffix KHA
Holdings
Withdrawn status Lost status Not for loan Collection code Home library Current library Date acquired Source of acquisition Cost, normal purchase price Full call number Barcode Copy number Cost, replacement price Koha item type
      Non-fiction Central Library Central Library 13/01/2025 Delivery of Books Act Division 999.00 537 KHA EN-126870 1 999.00 English Books

© Delhi Public Library
Hit Counter
free hit counter